000 00676nam a2200205 a 4500
001 16887
003 CO-ViMGA
008 141112s2004 ck r 000 u spa d
020 _a9706861955
040 _aCO-ViMGA
_bspa
_cCO-ViMGA
082 0 4 _a519.2 M353i
100 1 _aMendenhall, William; Beaver, Robert J.; Beaver, Barbara M.
_923884
245 1 0 _aIntroducción a la probabilidad y estadística
260 _aMexico,
_cThomson,
_c2002
300 _a618.p.
590 _aForma de adquisición : Premio - Mincultura
650 1 4 _aESTADISTICA MATEMATICA - PROBLEMAS, EJERCICIOS, ETC
_923885
650 1 4 _aPROBABILIDAD - PROBLEMAS, EJERCICIOS, ETC
_923886
942 _2ddc
_cBK
999 _c26521
_d26521